Même chansons passés qu'une fois #NOPLP - Statistiques

Statistiques générales
  • Ce quiz a été pris 16 fois
  • Le résultat moyen est 13 sur 47
Statistiques - réponses
Unique passage Titre % Correct
19/10/2024 Secret
85%
13/08/2024 La gadoue
77%
19/04/2024 Facile
54%
09/01/2023 Hier encore
46%
23/07/2020 J'aime regarder les filles
46%
30/11/2023 La liste
46%
23/04/2024 Nous
46%
30/03/2024 Popcorn Salé
46%
31/01/2024 Prendre un enfant par la main
46%
01/01/2022 Ah le petit vin blanc
38%
07/01/2023 Andy
38%
24/05/2024 Comme des enfants
38%
06/05/2024 Dans les yeux d'Emilie
38%
24/04/2023 J'aime les filles
38%
01/01/2022 La queuleuleu
38%
10/01/2013 Ouragan
38%
02/11/2021 Avec le temps
31%
11/12/2019 L'envie
31%
16/01/2024 Ma révérence
31%
09/01/2013 Mes emmerdes
31%
01/01/2024 Rodéo
31%
31/07/2023 Si on chantait
31%
25/04/2024 Un soir de pluie
31%
13/04/2024 Voyage en Italie
31%
04/03/2022 Ca ira
23%
06/04/2024 Cette année-là
23%
01/07/2016 En attendant ses pas
23%
05/01/2024 Jardin d'hiver
23%
23/06/2023 La mauvaise réputation
23%
20/02/2024 L'homme à la moto
23%
08/03/2013 Mourir demain
23%
14/03/2013 Désir désir
15%
20/09/2023 Dommage
15%
05/02/2016 Je vais à Rio
15%
24/06/2015 Je vole
15%
30/10/2018 L'amour existe encore
15%
01/01/2020 La tendresse
15%
15/09/2016 Bella
8%
11/06/2018 Dumbo
8%
06/02/2020 L'amour c'est comme une cigarette
8%
07/04/2023 L'aventurier
8%
25/12/2019 Le portrait
8%
05/01/2021 Puisque tu pars
8%
20/10/2018 Seras-tu là
8%
08/09/2016 Voilà c'est fini
8%
25/06/2020 Ca fait rire les oiseaux
0%
30/11/2020 Elle habite ici
0%
Aucun quiz correspondant
Distribution des résultats
% des personnes avec chaque résultat
Percentile par nombre de réponses
Votre historique - résultats
Vous n’avez pas pris ce quiz